| 000 | 01266nas a2200361 4500 | ||
|---|---|---|---|
| 001 | BR2011003059 | ||
| 003 | BR-BrBNA | ||
| 005 | 20231205115325.0 | ||
| 007 | ta | ||
| 008 | 230509b bl.|||p| |||| 00| 00por d | ||
| 040 |
_aBR-BrBNA _bpor _cBiblioteca Nacional de Agricultura |
||
| 041 | _a(Pt) | ||
| 072 | _aL74 | ||
| 100 | 1 | _aBarcellos, H.H. de A. | |
| 100 | 1 | _aRodrigues, L.B. | |
| 100 | 1 | _aValle, S. de F. | |
| 100 | 1 | _aSantos, L.R. dos | |
| 100 | 1 | _aBrun, M.V. | |
| 100 | 1 | _aTomazi, G. | |
| 100 | 1 | _aAtaíde, M.W. de | |
| 100 | 1 | _aFerreira, K.C. | |
| 245 | 1 | _aIdentificação de agentes e resposta aos tratamentos na cistite neurogênica em cães com lesão na coluna tóraco-lombar | |
| 246 | 1 | _aIdentification of agents and response to the treatments in the neurogenic cystitis in dogs with injury in the thoraco-lumbar column | |
| 650 | _aCISTITE | ||
| 650 | _aAPARELHO URINÁRIO | ||
| 650 | _aBACTÉRIA | ||
| 650 | _aCÃO | ||
| 650 | _aLESÃO | ||
| 650 | _aANTIBIÓTICO | ||
| 773 | 0 |
_tMEDVEP. Revista Científica de Medicina Veterinária. Pequenos Animais e Animais de Estimação (Brazil) _xISSN 1676-1430 _g(Jul-Dec 2006), v. 4(13) p. 182-190 _wBR2011003059 |
|
| 909 |
_a202311 _bLúcia _c55 _dLúcia Elande |
||
| 942 |
_2AGRIS _n0 _cANA |
||
| 999 |
_c213223 _d213223 |
||